[Event "C10"]
[Site "?"]
[Date "2020.08.28"]
[Round "9.8"]
[White "Dunda, Szymon"]
[Black "Zielen, Stanislaw"]
[Result "1-0"]
[BlackElo "1195"]
[WhiteElo "1291"]
[LiveChessVersion "1.4.8"]

1. e4 {[%clk 0:15:19]} c5 {[%clk 0:15:19]} 2. Nf3 {[%clk 0:15:27]} Nc6
{[%clk 0:15:27]} 3. d4 {[%clk 0:15:35]} cxd4 {[%clk 0:15:36]} 4. Nxd4
{[%clk 0:15:44]} a6 {[%clk 0:15:45]} 5. c4 {[%clk 0:15:49]} e5 {[%clk 0:15:45]}
6. Nf3 {[%clk 0:15:54]} Bb4+ {[%clk 0:15:49]} 7. Bd2 {[%clk 0:15:53]} Bxd2+
{[%clk 0:15:56]} 8. Nbxd2 {[%clk 0:16:01]} d6 {[%clk 0:16:05]} 9. a3
{[%clk 0:15:56]} Bg4 {[%clk 0:16:13]} 10. h3 {[%clk 0:15:59]} Bh5
{[%clk 0:16:22]} 11. g4 {[%clk 0:15:58]} Bg6 {[%clk 0:16:31]} 12. Bd3
{[%clk 0:16:05]} Nge7 {[%clk 0:16:14]} 13. Nf1 {[%clk 0:16:01]} h5
{[%clk 0:15:52]} 14. g5 {[%clk 0:15:50]} Qb6 {[%clk 0:15:35]} 15. Qc2
{[%clk 0:15:17]} Nd4 {[%clk 0:15:43]} 16. Nxd4 {[%clk 0:15:24]} Qxd4
{[%clk 0:15:52]} 17. h4 {[%clk 0:15:07]} Rc8 {[%clk 0:15:55]} 18. Qe2
{[%clk 0:14:06]} Rc6 {[%clk 0:13:25]} 19. Rd1 {[%clk 0:12:59]} O-O
{[%clk 0:12:38]} 20. Ng3 Qb6 {[%clk 0:11:04]} 21. b4 {[%clk 0:11:29]} Rc7
{[%clk 0:10:55]} 22. Bc2 {[%clk 0:10:06]} Rfc8 {[%clk 0:10:59]} 23. Bb3
{[%clk 0:10:00]} a5 {[%clk 0:11:04]} 24. b5 {[%clk 0:10:03]} Qc5 {[%clk 0:11:13]}
25. Qb2 {[%clk 0:09:21]} Qb6 {[%clk 0:09:50]} 26. O-O {[%clk 0:08:40]} Rc5
{[%clk 0:08:42]} 27. Qe2 {[%clk 0:07:48]} Rd8 {[%clk 0:08:07]} 28. Nxh5
{[%clk 0:07:26]} Bxh5 {[%clk 0:08:10]} 29. Qxh5 {[%clk 0:07:33]} Ng6
{[%clk 0:08:18]} 30. Qg4 {[%clk 0:07:07]} Nf4 {[%clk 0:08:12]} 31. Qf5
{[%clk 0:05:44]} Ne2+ {[%clk 0:07:51]} 32. Kg2 {[%clk 0:05:11]} Nd4
{[%clk 0:08:00]} 33. Qh3 {[%clk 0:05:19]} Ne6 {[%clk 0:08:05]} 34. Qf3
{[%clk 0:05:08]} Nd4 {[%clk 0:07:50]} 35. Qe3 {[%clk 0:05:02]} Ne6
{[%clk 0:07:43]} 36. Ba2 {[%clk 0:05:00]} Nf4+ {[%clk 0:07:52]} 37. Kh2
{[%clk 0:04:58]} Ng6 {[%clk 0:07:45]} 38. h5 {[%clk 0:04:56]} Nf4
{[%clk 0:07:54]} 39. h6 {[%clk 0:05:02]} Qc7 {[%clk 0:07:21]} 40. hxg7
{[%clk 0:05:04]} Kxg7 {[%clk 0:07:29]} 41. Rh1 {[%clk 0:04:40]} Rh8+
{[%clk 0:06:51]} 42. Kg3 {[%clk 0:04:37]} Rxh1 {[%clk 0:06:57]} 43. Rxh1
{[%clk 0:04:45]} Qd8 {[%clk 0:07:05]} 44. Rh4 {[%clk 0:04:44]} Ne6
{[%clk 0:04:00]} 45. Rg4 {[%clk 0:03:30]} Qh8 {[%clk 0:03:59]} 46. Qe1
{[%clk 0:03:20]} Nf4 {[%clk 0:03:42]} 47. Rh4 {[%clk 0:03:21]} Qd8
{[%clk 0:03:48]} 48. Qh1 {[%clk 0:03:04]} Ne2+ {[%clk 0:03:00]} 49. Kg2
{[%clk 0:02:10]} Qxg5+ {[%clk 0:01:56]} 50. Kf1 {[%clk 0:02:06]} Nf4
{[%clk 0:01:58]} 51. f3 {[%clk 0:01:49]} Ng6 {[%clk 0:01:32]} 52. Rh7+
{[%clk 0:01:28]} Kf6 {[%clk 0:01:40]} 53. Ke2 {[%clk 0:00:50]} Nf4+
{[%clk 0:01:49]} 54. Kd1 {[%clk 0:00:43]} Ng6 {[%clk 0:01:31]} 55. Qh3
{[%clk 0:00:35]} Qg1+ {[%clk 0:01:31]} 56. Kd2 {[%clk 0:00:39]} Qd4+
{[%clk 0:01:32]} 57. Ke1 {[%clk 0:00:28]} Qa1+ {[%clk 0:01:36]} 58. Kf2
{[%clk 0:00:23]} Qd4+ {[%clk 0:01:42]} 59. Ke1 {[%clk 0:00:15]} Qe3+
{[%clk 0:01:47]} 60. Kd1 {[%clk 0:00:20]} Qg1+ {[%clk 0:01:45]} 61. Kd2
{[%clk 0:00:24]} Qf2+ {[%clk 0:01:54]} 62. Kc3 {[%clk 0:00:28]} Qe3+
{[%clk 0:02:00]} 63. Kc2 {[%clk 0:00:35]} Qf2+ {[%clk 0:01:51]} 64. Kd1
{[%clk 0:00:35]} Qg1+ {[%clk 0:01:33]} 65. Kc2 {[%clk 0:00:38]} Qf2+
{[%clk 0:01:33]} 66. Kd1 {[%clk 0:00:44]} Qd4+ {[%clk 0:01:35]} 67. Kc2
{[%clk 0:00:49]} Rxc4+ {[%clk 0:01:32]} 68. Bxc4 {[%clk 0:00:53]} Qxc4+
{[%clk 0:01:41]} 69. Kd2 {[%clk 0:00:59]} Qa2+ {[%clk 0:01:47]} 70. Ke1
{[%clk 0:01:02]} Qb1+ {[%clk 0:01:43]} 71. Kf2 {[%clk 0:00:58]} Qc2+
{[%clk 0:01:28]} 72. Kg3 {[%clk 0:00:57]} Qc4 {[%clk 0:01:03]} 73. Qf5+
{[%clk 0:00:42]} Ke7 {[%clk 0:01:12]} 74. Qxg6 {[%clk 0:00:45]} Qb3
{[%clk 0:00:12]} 75. Qg8 {[%clk 0:00:33]} 1-0

[Event "C10"]
[Site "?"]
[Date "2020.08.28"]
[Round "9.9"]
[White "Ozog, Bartosz"]
[Black "Lecki, Leonard"]
[Result "1/2-1/2"]
[BlackElo "1063"]
[WhiteElo "1266"]
[LiveChessVersion "1.4.8"]

1. d4 {[%clk 0:15:13]} Nf6 {[%clk 0:15:19]} 2. Bg5 {[%clk 0:15:21]} c5
{[%clk 0:15:16]} 3. c3 {[%clk 0:15:17]} Qb6 {[%clk 0:15:20]} 4. Qb3
{[%clk 0:14:45]} Qxb3 {[%clk 0:14:59]} 5. axb3 {[%clk 0:14:54]} cxd4
{[%clk 0:15:05]} 6. cxd4 {[%clk 0:15:02]} Nc6 {[%clk 0:15:14]} 7. Bxf6
{[%clk 0:15:06]} gxf6 {[%clk 0:15:16]} 8. Nf3 {[%clk 0:15:14]} Nb4
{[%clk 0:15:00]} 9. Kd2 {[%clk 0:15:12]} Bh6+ {[%clk 0:15:08]} 10. e3
{[%clk 0:15:17]} Rg8 {[%clk 0:15:09]} 11. Nc3 {[%clk 0:15:25]} d6
{[%clk 0:14:52]} 12. Nb5 {[%clk 0:15:25]} Na6 {[%clk 0:14:31]} 13. Rxa6
{[%clk 0:15:11]} bxa6 {[%clk 0:14:40]} 14. Nc7+ {[%clk 0:15:20]} Kd7
{[%clk 0:14:48]} 15. Nxa8 {[%clk 0:15:28]} Bb7 {[%clk 0:14:55]} 16. Nh4
{[%clk 0:14:34]} e6 {[%clk 0:14:28]} 17. Be2 {[%clk 0:12:54]} Bxa8
{[%clk 0:09:20]} 18. Bxa6 {[%clk 0:12:00]} Rb8 {[%clk 0:09:25]} 19. Kc3
{[%clk 0:11:43]} Be4 {[%clk 0:09:05]} 20. Bd3 {[%clk 0:10:54]} Bxd3
{[%clk 0:09:03]} 21. Kxd3 {[%clk 0:11:01]} Rxb3+ {[%clk 0:09:11]} 22. Kc2
{[%clk 0:11:09]} Rb5 {[%clk 0:09:09]} 23. Ra1 {[%clk 0:11:09]} a5
{[%clk 0:09:18]} 24. Nf3 {[%clk 0:11:10]} d5 {[%clk 0:08:49]} 25. Nd2
{[%clk 0:11:06]} Bf8 {[%clk 0:08:57]} 26. Nb1 {[%clk 0:09:58]} Bb4
{[%clk 0:08:57]} 27. Nc3 {[%clk 0:09:36]} Bxc3 {[%clk 0:08:40]} 28. bxc3
{[%clk 0:09:43]} Kc6 {[%clk 0:08:39]} 29. Ra2 {[%clk 0:09:47]} Kb6
{[%clk 0:08:32]} 30. Kd3 {[%clk 0:09:51]} Ka6 {[%clk 0:08:09]} 31. g3
{[%clk 0:09:14]} Rb1 {[%clk 0:08:04]} 32. h4 {[%clk 0:09:16]} Kb5
{[%clk 0:07:44]} 33. Kc2 {[%clk 0:09:24]} Rf1 {[%clk 0:07:50]} 34. Kb3
{[%clk 0:08:54]} a4+ {[%clk 0:07:43]} 35. Rxa4 {[%clk 0:08:17]} Rb1+
{[%clk 0:07:48]} 36. Kc2 {[%clk 0:08:25]} Kxa4 {[%clk 0:07:48]} 37. Kxb1
{[%clk 0:08:34]} Kb3 {[%clk 0:07:57]} 38. Kc1 {[%clk 0:08:35]} Kxc3
{[%clk 0:08:05]} 39. Kd1 {[%clk 0:08:43]} Kd3 {[%clk 0:08:11]} 40. Ke1
{[%clk 0:08:50]} e5 {[%clk 0:08:20]} 41. dxe5 {[%clk 0:08:50]} fxe5
{[%clk 0:08:28]} 42. Kd1 {[%clk 0:08:44]} d4 {[%clk 0:08:31]} 43. exd4
{[%clk 0:08:51]} exd4 {[%clk 0:08:40]} 44. g4 {[%clk 0:08:54]} Ke4
{[%clk 0:08:18]} 45. Ke2 {[%clk 0:08:29]} d3+ {[%clk 0:08:20]} 46. Kd2
{[%clk 0:08:38]} Kf4 {[%clk 0:08:19]} 47. g5 {[%clk 0:08:38]} Kg4
{[%clk 0:08:21]} 48. Kxd3 {[%clk 0:08:47]} Kxh4 {[%clk 0:08:30]} 49. f4
{[%clk 0:08:55]} Kh5 {[%clk 0:07:45]} 50. Ke4 {[%clk 0:08:59]} Kg4
{[%clk 0:07:26]} 51. Ke5 Kf3 {[%clk 0:07:09]} 52. Kf5 {[%clk 0:08:15]} Ke3
{[%clk 0:07:10]} 53. Ke5 {[%clk 0:08:20]} Kf3 {[%clk 0:07:15]} 54. f5
{[%clk 0:08:21]} Kg4 {[%clk 0:07:23]} 55. Kf6 {[%clk 0:08:27]} Kf4
{[%clk 0:07:30]} 56. g6 {[%clk 0:08:02]} fxg6 {[%clk 0:07:33]} 57. fxg6
{[%clk 0:08:11]} hxg6 {[%clk 0:07:40]} 58. Kxg6 1/2-1/2

[Event "C10"]
[Site "?"]
[Date "2020.08.28"]
[Round "9.10"]
[White "Jasiulewicz, Kamil"]
[Black "Wesolowski, Jeremi"]
[Result "0-1"]
[BlackElo "1152"]
[WhiteElo "1255"]
[LiveChessVersion "1.4.8"]

1. d4 {[%clk 0:15:19]} d5 {[%clk 0:15:18]} 2. c4 {[%clk 0:15:26]} c6
{[%clk 0:15:26]} 3. Nf3 {[%clk 0:15:33]} Nf6 {[%clk 0:15:34]} 4. Nc3
{[%clk 0:15:42]} dxc4 {[%clk 0:15:39]} 5. e4 {[%clk 0:15:35]} b5 {[%clk 0:15:36]}
6. a4 {[%clk 0:15:40]} b4 {[%clk 0:15:45]} 7. Nb1 {[%clk 0:15:38]} Nxe4
{[%clk 0:15:43]} 8. Bxc4 {[%clk 0:15:36]} Bf5 {[%clk 0:15:41]} 9. Bf4
{[%clk 0:15:29]} e6 {[%clk 0:15:43]} 10. Nbd2 {[%clk 0:15:34]} Nxd2
{[%clk 0:15:46]} 11. Qxd2 {[%clk 0:15:42]} Bd6 {[%clk 0:15:27]} 12. Bg5
{[%clk 0:15:34]} Qc7 {[%clk 0:14:14]} 13. O-O {[%clk 0:15:37]} O-O
{[%clk 0:14:08]} 14. Bh4 {[%clk 0:15:37]} a5 {[%clk 0:13:49]} 15. Bg3
{[%clk 0:15:43]} Bxg3 {[%clk 0:13:31]} 16. fxg3 {[%clk 0:15:38]} Nd7
{[%clk 0:13:33]} 17. Nh4 {[%clk 0:15:42]} Bg6 {[%clk 0:13:37]} 18. Nxg6
{[%clk 0:15:45]} hxg6 {[%clk 0:13:46]} 19. Rac1 {[%clk 0:15:51]} Qd6
{[%clk 0:13:31]} 20. Qf2 {[%clk 0:15:36]} Nf6 {[%clk 0:12:54]} 21. b3
{[%clk 0:15:29]} Rfd8 {[%clk 0:12:42]} 22. Rcd1 {[%clk 0:15:32]} Rd7
{[%clk 0:11:58]} 23. Rd3 {[%clk 0:15:37]} Rad8 {[%clk 0:11:58]} 24. Rfd1
{[%clk 0:15:44]} Ne4 {[%clk 0:11:43]} 25. Qe3 {[%clk 0:15:49]} Nc3
{[%clk 0:11:45]} 26. R1d2 {[%clk 0:15:52]} Kf8 {[%clk 0:10:26]} 27. Qf3
{[%clk 0:15:00]} Rc7 {[%clk 0:08:22]} 28. Re3 {[%clk 0:14:42]} Nd5
{[%clk 0:08:05]} 29. Re5 {[%clk 0:14:23]} Qe7 {[%clk 0:07:36]} 30. Rde2
{[%clk 0:14:09]} Qf6 {[%clk 0:07:02]} 31. Qg4 Kg8 {[%clk 0:05:52]} 32. Rf2
{[%clk 0:14:06]} Qe7 {[%clk 0:05:56]} 33. Rd2 {[%clk 0:13:59]} Rd6
{[%clk 0:04:58]} 34. Qe4 {[%clk 0:13:33]} Nb6 {[%clk 0:04:31]} 35. Be2
{[%clk 0:12:28]} Rd5 {[%clk 0:04:28]} 36. Bg4 {[%clk 0:12:09]} f5
{[%clk 0:04:01]} 37. Qc2 {[%clk 0:11:38]} fxg4 {[%clk 0:03:32]} 38. Qxg6
{[%clk 0:11:43]} Rxe5 {[%clk 0:03:27]} 39. dxe5 {[%clk 0:11:51]} Rd7
{[%clk 0:02:50]} 40. Rc2 {[%clk 0:11:56]} Rd1+ {[%clk 0:02:07]} 41. Kf2
{[%clk 0:12:03]} Qf8+ {[%clk 0:02:08]} 42. Ke3 {[%clk 0:12:05]} Nd5+
{[%clk 0:02:15]} 43. Ke4 {[%clk 0:12:08]} Qf5+ {[%clk 0:02:21]} 44. Qxf5
{[%clk 0:12:06]} exf5+ {[%clk 0:02:30]} 45. Kxf5 {[%clk 0:12:13]} Ne3+
{[%clk 0:02:39]} 46. Kf4 {[%clk 0:12:20]} Nxc2 {[%clk 0:02:47]} 47. e6
{[%clk 0:12:28]} Re1 {[%clk 0:02:56]} 48. Kf5 {[%clk 0:12:37]} Nd4+
{[%clk 0:03:05]} 49. Kxg4 {[%clk 0:12:44]} Rxe6 {[%clk 0:03:13]} 50. h4
{[%clk 0:12:53]} Nxb3 {[%clk 0:03:22]} 51. h5 {[%clk 0:13:02]} Nd4
{[%clk 0:03:28]} 52. Kg5 {[%clk 0:13:11]} Rf6 {[%clk 0:03:35]} 53. g4
{[%clk 0:13:20]} b3 {[%clk 0:03:41]} 54. g3 {[%clk 0:13:29]} Nf3# 0-1

[Event "C10"]
[Site "?"]
[Date "2020.08.28"]
[Round "10.1"]
[White "Sowinski, Pawel"]
[Black "Witczak, Borys"]
[Result "1-0"]
[BlackElo "1488"]
[WhiteElo "1497"]
[LiveChessVersion "1.4.8"]

1. Nf3 {[%clk 0:15:18]} d5 {[%clk 0:15:17]} 2. d4 {[%clk 0:15:26]} Nf6
{[%clk 0:15:25]} 3. g3 {[%clk 0:15:33]} Bf5 {[%clk 0:15:22]} 4. Bg2
{[%clk 0:15:37]} e6 {[%clk 0:15:31]} 5. O-O {[%clk 0:15:15]} Bd6 {[%clk 0:15:28]}
6. c4 {[%clk 0:14:56]} c6 {[%clk 0:15:36]} 7. Nc3 {[%clk 0:14:53]} h6
{[%clk 0:15:20]} 8. Qb3 {[%clk 0:14:34]} Qb6 {[%clk 0:14:39]} 9. c5
{[%clk 0:13:49]} Qxb3 {[%clk 0:14:36]} 10. axb3 {[%clk 0:13:57]} Bc7
{[%clk 0:14:04]} 11. b4 {[%clk 0:14:06]} a6 {[%clk 0:14:12]} 12. b5
{[%clk 0:14:01]} Nbd7 {[%clk 0:14:06]} 13. b6 {[%clk 0:13:52]} Bd8
{[%clk 0:13:48]} 14. b4 {[%clk 0:13:58]} Rc8 {[%clk 0:12:43]} 15. Bf4
{[%clk 0:13:52]} O-O {[%clk 0:12:25]} 16. Nd2 {[%clk 0:12:49]} Nh5
{[%clk 0:11:46]} 17. Bd6 {[%clk 0:12:16]} Re8 {[%clk 0:11:49]} 18. e4
{[%clk 0:12:12]} Bh7 {[%clk 0:10:57]} 19. exd5 {[%clk 0:11:11]} exd5
{[%clk 0:10:53]} 20. Nxd5 {[%clk 0:10:12]} cxd5 {[%clk 0:10:12]} 21. Bxd5
{[%clk 0:10:20]} Be7 {[%clk 0:09:59]} 22. Bxe7 {[%clk 0:09:49]} Rxe7
{[%clk 0:10:01]} 23. Bxb7 {[%clk 0:09:56]} Rb8 {[%clk 0:09:40]} 24. Bxa6
{[%clk 0:10:05]} Nxb6 {[%clk 0:08:31]} 25. cxb6 {[%clk 0:10:05]} Rxb6
{[%clk 0:08:40]} 26. b5 {[%clk 0:09:38]} Bd3 {[%clk 0:08:06]} 27. Rfc1
{[%clk 0:08:03]} Bxb5 {[%clk 0:07:58]} 28. Bxb5 {[%clk 0:08:08]} Rxb5
{[%clk 0:08:07]} 29. Rc5 {[%clk 0:08:15]} Rb2 {[%clk 0:08:00]} 30. Nc4
{[%clk 0:08:18]} Rc2 {[%clk 0:07:51]} 31. Nd6 {[%clk 0:07:09]} Rxc5
{[%clk 0:07:38]} 32. dxc5 {[%clk 0:07:17]} Nf6 {[%clk 0:07:41]} 33. c6
{[%clk 0:06:48]} Rc7 {[%clk 0:07:26]} 34. Rc1 {[%clk 0:06:55]} Nd5
{[%clk 0:06:19]} 35. Nb5 {[%clk 0:06:59]} Rc8 {[%clk 0:06:16]} 36. c7
{[%clk 0:07:07]} Kf8 {[%clk 0:05:31]} 37. Rc5 {[%clk 0:07:16]} Nb6
{[%clk 0:04:59]} 38. Na7 {[%clk 0:06:58]} Ra8 {[%clk 0:04:53]} 39. c8=Q+
{[%clk 0:07:01]} Nxc8 {[%clk 0:05:01]} 40. Rxc8+ {[%clk 0:07:09]} Rxc8
{[%clk 0:05:10]} 41. Nxc8 {[%clk 0:07:17]} Ke8 {[%clk 0:05:18]} 42. f3
{[%clk 0:07:23]} Kd7 {[%clk 0:05:26]} 43. Nb6+ {[%clk 0:07:30]} Kc6
{[%clk 0:05:33]} 44. Nc4 {[%clk 0:07:39]} Kd5 {[%clk 0:05:41]} 45. Ne3+
{[%clk 0:07:46]} Ke5 {[%clk 0:05:47]} 46. Kf2 {[%clk 0:07:55]} f5
{[%clk 0:05:55]} 47. Nc4+ {[%clk 0:07:58]} Kd5 {[%clk 0:06:02]} 48. Ne3+
{[%clk 0:08:01]} Ke5 {[%clk 0:06:11]} 49. f4+ {[%clk 0:08:10]} Ke4
{[%clk 0:06:17]} 50. Nc4 {[%clk 0:08:18]} Kd5 {[%clk 0:06:10]} 51. Ne5
{[%clk 0:08:23]} Ke6 {[%clk 0:06:19]} 52. Ke3 {[%clk 0:08:31]} g5
{[%clk 0:06:28]} 53. Kd4 {[%clk 0:08:31]} g4 {[%clk 0:06:23]} 54. Kc5
{[%clk 0:08:28]} h5 {[%clk 0:06:24]} 55. Nc4 {[%clk 0:08:37]} Ke7
{[%clk 0:06:25]} 56. Kd5 {[%clk 0:08:46]} Kf6 {[%clk 0:06:35]} 57. Ne3
{[%clk 0:08:52]} Kg6 {[%clk 0:06:42]} 58. Ke5 {[%clk 0:09:01]} Kg7
{[%clk 0:06:48]} 59. Nxf5+ {[%clk 0:09:08]} Kg6 {[%clk 0:06:58]} 60. Nh4+
{[%clk 0:09:17]} Kh6 {[%clk 0:07:07]} 61. f5 {[%clk 0:09:25]} Kg7
{[%clk 0:07:15]} 62. Ke6 {[%clk 0:09:34]} Kf8 {[%clk 0:07:24]} 63. f6
{[%clk 0:09:43]} Ke8 {[%clk 0:07:33]} 64. f7+ {[%clk 0:09:51]} Kf8
{[%clk 0:07:42]} 65. Ng6+ {[%clk 0:10:00]} Kg7 {[%clk 0:07:51]} 66. f8=Q+
{[%clk 0:10:07]} Kxg6 {[%clk 0:08:00]} 67. Qf7+ {[%clk 0:10:15]} Kg5
{[%clk 0:08:08]} 68. Qf6# {[%clk 0:15:10]} 1-0

[Event "C10"]
[Site "?"]
[Date "2020.08.28"]
[Round "10.2"]
[White "Karaszewski, Gabriel"]
[Black "Ochedzan, Filip"]
[Result "1-0"]
[BlackElo "1371"]
[WhiteElo "1385"]
[LiveChessVersion "1.4.8"]

1. e4 {[%clk 0:15:19]} c5 {[%clk 0:15:19]} 2. Nf3 {[%clk 0:15:28]} d6
{[%clk 0:15:26]} 3. d4 {[%clk 0:15:37]} cxd4 {[%clk 0:15:34]} 4. Nxd4
{[%clk 0:15:46]} Nf6 {[%clk 0:15:41]} 5. f3 {[%clk 0:15:55]} e5 {[%clk 0:15:47]}
6. Bb5+ {[%clk 0:16:04]} Nbd7 {[%clk 0:15:53]} 7. Bxd7+ {[%clk 0:16:10]} Bxd7
{[%clk 0:16:00]} 8. Ne2 {[%clk 0:16:16]} h6 {[%clk 0:15:37]} 9. Be3
{[%clk 0:16:16]} Be7 {[%clk 0:15:36]} 10. c4 {[%clk 0:16:17]} Qc7
{[%clk 0:15:32]} 11. b3 {[%clk 0:16:21]} O-O {[%clk 0:15:02]} 12. Nbc3
{[%clk 0:16:29]} Bc6 {[%clk 0:13:56]} 13. O-O {[%clk 0:16:26]} Qd7
{[%clk 0:13:34]} 14. Rc1 {[%clk 0:16:22]} Rfd8 {[%clk 0:12:06]} 15. Qd2
{[%clk 0:16:17]} b6 {[%clk 0:11:21]} 16. Rfd1 {[%clk 0:16:08]} Rac8
{[%clk 0:10:57]} 17. Nd5 {[%clk 0:15:16]} Bxd5 {[%clk 0:10:33]} 18. cxd5
{[%clk 0:15:21]} Qb5 {[%clk 0:09:56]} 19. Ng3 {[%clk 0:14:51]} a5
{[%clk 0:08:23]} 20. Nf5 {[%clk 0:14:31]} Bf8 {[%clk 0:08:17]} 21. Rxc8
{[%clk 0:11:21]} Rxc8 {[%clk 0:08:22]} 22. Qd3 {[%clk 0:11:28]} Qb4
{[%clk 0:07:13]} 23. Kf1 {[%clk 0:11:09]} Qa3 {[%clk 0:06:37]} 24. Qd2
{[%clk 0:11:01]} a4 {[%clk 0:05:45]} 25. Rb1 {[%clk 0:09:41]} axb3
{[%clk 0:05:03]} 26. Rxb3 {[%clk 0:09:47]} Qa6+ {[%clk 0:05:12]} 27. Ke1
{[%clk 0:09:40]} b5 {[%clk 0:05:15]} 28. Qb2 {[%clk 0:08:50]} Rb8
{[%clk 0:03:40]} 29. Rb4 {[%clk 0:08:22]} Nd7 {[%clk 0:03:18]} 30. a4
{[%clk 0:07:23]} Qa5 {[%clk 0:02:48]} 31. Ke2 {[%clk 0:07:16]} Nc5
{[%clk 0:02:20]} 32. Bxc5 {[%clk 0:06:38]} dxc5 {[%clk 0:02:29]} 33. Rxb5
{[%clk 0:06:28]} Rxb5 {[%clk 0:02:20]} 34. axb5 {[%clk 0:06:34]} Qb6
{[%clk 0:02:26]} 35. Qb3 {[%clk 0:05:07]} g6 {[%clk 0:02:12]} 36. Ne3
{[%clk 0:05:10]} f6 {[%clk 0:01:41]} 37. Nc4 {[%clk 0:05:13]} Qb7
{[%clk 0:01:45]} 38. b6 {[%clk 0:04:44]} Kf7 {[%clk 0:01:15]} 39. Kd2
{[%clk 0:04:05]} Ke7 {[%clk 0:01:17]} 40. Kc3 {[%clk 0:03:43]} Kd7
{[%clk 0:01:06]} 41. Qb5+ {[%clk 0:03:36]} Kd8 {[%clk 0:00:59]} 42. Qc6
{[%clk 0:03:12]} Qa6 {[%clk 0:00:45]} 43. Qxf6+ {[%clk 0:03:13]} Be7
{[%clk 0:00:44]} 44. Qh8+ {[%clk 0:03:15]} Kd7 {[%clk 0:00:50]} 45. Nxe5+
{[%clk 0:03:15]} Kd6 {[%clk 0:00:42]} 46. Qb8# 1-0

[Event "C10"]
[Site "?"]
[Date "2020.08.28"]
[Round "10.3"]
[White "Wojtacha, Krzysztof"]
[Black "Rozanski, Mateusz"]
[Result "*"]
[BlackElo "1582"]
[WhiteElo "1287"]
[LiveChessVersion "1.4.8"]

1. e4 {[%clk 0:15:19]} e5 {[%clk 0:15:18]} 2. Nf3 {[%clk 0:15:25]} Nc6
{[%clk 0:15:26]} 3. Bc4 {[%clk 0:15:33]} d6 {[%clk 0:15:33]} 4. c3
{[%clk 0:15:39]} Nf6 {[%clk 0:15:37]} 5. d3 {[%clk 0:15:47]} Bg4 {[%clk 0:15:44]}
6. Bb3 {[%clk 0:15:50]} h6 {[%clk 0:15:37]} 7. Nbd2 {[%clk 0:15:52]} d5
{[%clk 0:15:22]} 8. Qe2 {[%clk 0:15:03]} d4 {[%clk 0:15:07]} 9. h3
{[%clk 0:14:20]} Bh5 {[%clk 0:15:11]} 10. O-O {[%clk 0:13:18]} Qd7
{[%clk 0:15:01]} 11. Bc2 {[%clk 0:12:33]} Be7 {[%clk 0:14:44]} 12. Qe1
{[%clk 0:12:22]} g5 {[%clk 0:14:42]} 13. cxd4 {[%clk 0:12:08]} Nxd4
{[%clk 0:14:23]} 14. Nxd4 {[%clk 0:12:03]} Qxd4 {[%clk 0:13:42]} 15. Nc4
{[%clk 0:11:20]} g4 {[%clk 0:12:41]} 16. Be3 {[%clk 0:10:42]} Qd7
{[%clk 0:12:37]} 17. Nxe5 {[%clk 0:09:34]} Qe6 {[%clk 0:12:42]} 18. Nxg4
{[%clk 0:09:33]} Bxg4 {[%clk 0:12:21]} 19. hxg4 {[%clk 0:09:36]} Nxg4
{[%clk 0:12:09]} 20. f3 {[%clk 0:09:32]} Nxe3 {[%clk 0:11:38]} 21. Qxe3
{[%clk 0:09:33]} Qc6 {[%clk 0:11:43]} 22. Bb3 {[%clk 0:09:15]} O-O-O
{[%clk 0:11:28]} 23. Rac1 {[%clk 0:08:48]} Qa6 {[%clk 0:10:57]} 24. d4
{[%clk 0:08:14]} Qb6 {[%clk 0:08:54]} 25. Rc4 {[%clk 0:07:50]} Rhg8
{[%clk 0:08:20]} 26. Rfc1 {[%clk 0:06:33]} Kb8 {[%clk 0:08:25]} 27. Qc3
{[%clk 0:04:24]} Qg6 {[%clk 0:08:09]} 28. Qc2 {[%clk 0:04:21]} Bg5
{[%clk 0:08:08]} 29. Re1 {[%clk 0:04:09]} c5 {[%clk 0:07:39]} 30. d5
{[%clk 0:03:52]} Rc8 {[%clk 0:07:16]} 31. e5 {[%clk 0:03:35]} Qg7
{[%clk 0:07:04]} 32. Re2 {[%clk 0:02:59]} Rce8 {[%clk 0:05:35]} 33. f4
{[%clk 0:02:44]} Bd8 {[%clk 0:05:28]} 34. Ba4 {[%clk 0:02:15]} Ref8
{[%clk 0:05:01]} 35. Qd3 {[%clk 0:01:02]} a6 {[%clk 0:04:41]} 36. Bd1
{[%clk 0:00:55]} Bb6 {[%clk 0:04:31]} 37. Qf3 {[%clk 0:00:52]} Ba7
{[%clk 0:03:45]} 38. a4 {[%clk 0:00:52]} Qg3 {[%clk 0:03:29]} 39. Qxg3
{[%clk 0:00:49]} Rxg3 {[%clk 0:03:35]} 40. Rc3 {[%clk 0:00:53]} Rg7
{[%clk 0:02:32]} 41. Kh2 {[%clk 0:00:42]} b5 {[%clk 0:01:57]} 42. axb5
{[%clk 0:00:33]} axb5 {[%clk 0:02:04]} 43. Rg3 {[%clk 0:00:36]} Rxg3
{[%clk 0:01:44]} 44. Kxg3 {[%clk 0:00:44]} Rd8 {[%clk 0:01:40]} 45. Rd2
{[%clk 0:00:40]} c4 {[%clk 0:01:36]} 46. Be2 {[%clk 0:00:31]} Be3
{[%clk 0:01:29]} 47. Rd1 {[%clk 0:00:39]} Kc7 48. Kf3 {[%clk 0:00:42]} Bc5
{[%clk 0:01:37]} 49. Ke4 {[%clk 0:00:34]} f6 {[%clk 0:01:31]} 50. Rh1
{[%clk 0:00:29]} Rh8 {[%clk 0:01:17]} 51. Rh5 {[%clk 0:00:21]} fxe5
{[%clk 0:00:58]} 52. fxe5 {[%clk 0:00:27]} Kb6 {[%clk 0:01:01]} 53. Rf5
{[%clk 0:00:31]} Rg8 {[%clk 0:00:57]} 54. Bf3 {[%clk 0:00:35]} Ka5
{[%clk 0:01:03]} 55. e6 {[%clk 0:00:38]} Kb4 {[%clk 0:00:47]} 56. Ke5
{[%clk 0:00:21]} Rd8 {[%clk 0:00:51]} 57. Rf7 {[%clk 0:00:22]} Kb3
{[%clk 0:00:18]} 58. Kf6 {[%clk 0:00:24]} Kxb2 59. e7 {[%clk 0:00:22]} Rb8
{[%clk 0:00:26]} 60. Rh7 {[%clk 0:00:13]} c3 {[%clk 0:00:34]} 61. Be4
{[%clk 0:00:19]} b4 {[%clk 0:00:38]} 62. Kf7 {[%clk 0:00:19]} Bxe7
{[%clk 0:00:42]} 63. Kxe7 {[%clk 0:00:25]} b3 {[%clk 0:00:49]} 64. Rxh6
{[%clk 0:00:21]} c2 {[%clk 0:00:58]} 65. Rc6 {[%clk 0:00:15]} Rb7+
{[%clk 0:00:58]} 66. Ke6 {[%clk 0:00:17]} Rb6 {[%clk 0:01:02]} 67. Bxc2
{[%clk 0:00:13]} Rxc6+ {[%clk 0:01:05]} 68. dxc6 {[%clk 0:00:13]} bxc2
{[%clk 0:01:13]} 69. c7 {[%clk 0:00:21]} c1=Q {[%clk 0:01:22]} 70. Kd7
{[%clk 0:00:28]} Qd2+ {[%clk 0:01:30]} 71. Kc8 {[%clk 0:00:36]} Kb3
{[%clk 0:01:37]} 72. Kb7 {[%clk 0:00:42]} Qb4+ {[%clk 0:01:44]} 73. Kc8
{[%clk 0:00:47]} Kc4 {[%clk 0:01:51]} 74. Kd7 {[%clk 0:00:54]} Qb5+
{[%clk 0:01:58]} 75. Kd8 {[%clk 0:00:56]} Qd5+ {[%clk 0:02:04]} 76. Kc8
{[%clk 0:01:04]} Qc6 {[%clk 0:01:50]} 77. Kb8 {[%clk 0:01:12]} Qb6+
{[%clk 0:01:58]} 78. Ka8 {[%clk 0:01:17]} Qxc7 {[%clk 0:02:06]} 79. g4
{[%clk 0:01:24]} Kb5 {[%clk 0:02:15]} 80. g5 {[%clk 0:01:33]} Kb6
{[%clk 0:02:24]} 81. g6 {[%clk 0:01:41]} Qb7# *

[Event "C10"]
[Site "?"]
[Date "2020.08.28"]
[Round "10.4"]
[White "Wesolowski, Jeremi"]
[Black "Suska, Szymon"]
[Result "1-0"]
[BlackElo "1552"]
[WhiteElo "1152"]
[LiveChessVersion "1.4.8"]

1. e4 c5 2. Nf3 Nc6 3. d4 cxd4 4. Nxd4 Nf6 5. Nc3 d6 6. Be3 Ng4 7. Bb5 Nxe3 8.
Nxc6 Nxd1 9. Nxd8+ Kxd8 10. Rxd1 Bd7 11. e5 Bxb5 12. Nxb5 a6 13. Nc3 Kd7 14. exd6
exd6 15. O-O Rc8 16. Rd2 Be7 17. Nd5 Rce8 18. Rfd1 Bf8 19. Rd3 Re6 20. Rc3 Re5
21. Rc7+ Ke6 22. Nf4+ Kf6 23. Rxb7 Rb5 24. Nd5+ Kg6 25. Rxb5 axb5 26. Nc7 Be7 27.
c3 Rb8 28. Rd4 Rb7 29. Nd5 f5 30. Nxe7+ Rxe7 31. Rxd6+ Kf7 32. Kf1 Rb7 33. Rd4
Ke6 34. Ke2 g5 35. Rb4 Kd6 36. a4 Re7+ 37. Kd3 bxa4 38. Rxa4 Rb7 39. Rb4 Re7 40.
Rb5 Ke6 41. b4 h5 42. c4 g4 43. g3 h4 44. c5 Rd7+ 45. Ke3 Kd5 46. Rb6 Kc4 47. Kf4
hxg3 48. hxg3 Rf7 49. c6 Kd5 50. b5 Kd6 51. Rb7 Rf8 52. c7 Rc8 53. b6 Re8 54. Rb8
Re4+ 55. Kxf5 Re5+ 56. Kf4 Kd5 57. Rd8+ Kc6 58. Kxe5 Kxb6 59. c8=Q Kb5 60. Rd7
Ka4 61. Rb7 1-0